[Event "GER-chT U20"]
[Site "Osnabrueck"]
[Date "2013.12.27"]
[Round "1.6"]
[White "Pfeifer, Yannick"]
[Black "Thren, Christian"]
[Result "1/2-1/2"]
[WhiteElo "1385"]
[BlackElo "1543"]
[PlyCount "81"]
[EventDate "2013.12.27"]
[EventType "team-swiss"]
[EventRounds "7"]
[EventCountry "GER"]
[SourceTitle "EXT 2015"]
[Source "ChessBase"]
[SourceDate "2014.11.20"]
[SourceVersion "1"]
[SourceVersionDate "2014.11.20"]
[SourceQuality "1"]
[WhiteTeam "Heidesheim"]
[BlackTeam "Heilbronn"]
[WhiteTeamCountry "GER"]
[BlackTeamCountry "GER"]

1. e4 d5 2. exd5 Qxd5 3. Nc3 Qd6 4. d4 Nf6 5. Bc4 Bg4 6. Nge2 e6 7. f3 Bf5 8. Bf4 Qb6 9. Bb3 Bd6 10. Qd2 Bxf4 11. Qxf4 Bg6 12. 0-0-0 Nbd7 13. g4 0-0-0 14. h4 h5 15. Ng3 a6 16. g5 Ne8 17. Nge4 Nd6 18. Nxd6+ Qxd6 19. Qxd6 cxd6 20. Na4 b5 21. Nc3 d5 22. a4 b4 23. Ne2 Kb7 24. c3 Rc8 25. Bc2 Bxc2 26. Kxc2 bxc3 27. bxc3 Rc4 28. a5 Rhc8 29. Rb1+ Ka7 30. f4 R8c7 31. Rhf1 Rb7 32. Rxb7+ Kxb7 33. Rb1+ Ka7 34. Nc1 Nb8 35. Nb3 Nc6 36. Kd3 Ra4 37. Nc5 Rxa5 38. Rb7+ Ka8 39. Rxf7 Ra1 40. Rf8+ Ka7 41. Rf7+ 1/2-1/2